First Things In Space - Statistics

General Stats
  • This quiz has been taken 14 times
  • The average score is 4 of 8
Answer Stats
Hint Answer % Correct
What specie is that animal. Dog
100%
What Specie was is that animal? Dog
100%
What was the first satellite in space? Sputnik
83%
Who was the first animal in space? Laika
58%
Who was the first Russian in space? Yuri Gagarin
50%
Who was the first American in space? Alan Shepard
8%
Who was the first Chinese in space? Yang Liwei
8%
Who was the first animal to survive re-entry? Tsygan
0%
No matching quizzes found
Score Distribution
Percent of People with Each Score
Percentile by Number Answered
Your Score History
You have not taken this quiz